National Aeronautics and Space Administration space station proposal : hearings before a subcommittee of the Committee on Appropriations, United States Senate, One-hundredth Congress, first session : special hearing.

Bibliographic Details
Corporate Authors: United States. Congress. Senate. Committee on Appropriations. Subcommittee on HUD-Independent Agencies, ProQuest (Firm)
Format: eBook
Language:English
Published: Washington : U.S. G.P.O., 1988.
Series:U.S. Congressional Hearings.
Subjects:
Online Access:Connect to the full text of this electronic book

MARC

Tag First Indicator Second Indicator Subfields
LEADER 00000cam a22000001a 4500
001 in00003219607
005 20190404184232.0
006 m d f
007 cr bn mmmapmmp
008 091020s1988 dcua o f000 0 eng d
035 |a cis2007453963 
040 |a UMI  |c UMI  |d UtOrBLW 
043 |a n-us--- 
099 |a HRG-1987-SAP-0029 
110 1 |a United States.  |b Congress.  |b Senate.  |b Committee on Appropriations.  |b Subcommittee on HUD-Independent Agencies. 
245 1 0 |a National Aeronautics and Space Administration space station proposal :  |b hearings before a subcommittee of the Committee on Appropriations, United States Senate, One-hundredth Congress, first session : special hearing. 
264 1 |a Washington :  |b U.S. G.P.O.,  |c 1988. 
300 |a 1 online resource. 
336 |a text  |b txt  |2 rdacontent 
337 |a computer  |b c  |2 rdamedia 
338 |a online resource  |b cr  |2 rdacarrier 
490 1 |a S. hrg. ;  |v 100-328 
500 |a Record is based on bibliographic data in ProQuest Congressional Hearings Digital Collection. Reuse except for individual research requires license from ProQuest, LLC. 
538 |a System requirements: PDF reader software. 
500 |a Electronic resource. 
610 1 0 |a United States.  |b National Aeronautics and Space Administration. 
650 0 |a Space stations  |x Government policy  |z United States. 
650 0 |a Space industrialization  |z United States. 
655 7 |a Electronic books.  |2 local 
710 2 |a ProQuest (Firm) 
776 0 8 |i Print version:  |a United States. Congress. Senate. Committee on Appropriations. Subcommittee on HUD-Independent Agencies.  |t National Aeronautics and Space Administration space station proposal 
776 0 8 |i Microfiche version:  |a United States. Congress. Senate. Committee on Appropriations. Subcommittee on HUD-Independent Agencies.  |t National Aeronautics and Space Administration space station proposal.  |d [Bethesda, Md.] : ProQuest,[2004]  |o CIS 88 S181-9  |w (ProQuest)cis08801886 
810 1 |a United States.  |b Congress.  |b Senate.  |t S. hrg. ;  |v 100-328. 
830 0 |a U.S. Congressional Hearings. 
856 4 0 |u http://proxy.library.tamu.edu/login?url=http://congressional.proquest.com/congcomp/getdoc?HEARING-ID=HRG-1987-SAP-0029  |z Connect to the full text of this electronic book  |t 0 
998 |a cis08801886 
999 |a MARS 
999 f f |s 57dee211-b7ca-35a3-8de0-cbc4f8ed6ad4  |i dcb73281-b181-3361-bc18-44104e40098f  |t 0 
952 f f |a Texas A&M University  |b College Station  |c Electronic Resources  |d Available Online  |t 0  |e HRG-1987-SAP-0029  |h Other scheme 
998 f f |a HRG-1987-SAP-0029  |t 0  |l Available Online